Brytyjskie samochody sportowe - Statystyki

Ogólne statystyki
  • Ten quiz został rozwiązany 36 razy
  • Średni wynik to 3 z 13
Statystyki odpowiedzi
Hint Odpowiedź % Poprawnych
Aston Martin
89%
M McLaren
68%
L Lotus
39%
A Ariel
25%
Morgan
21%
C Caterham
14%
T TVR
11%
U Ultima
11%
B BAC
7%
N Noble
7%
R Radical
7%
G GMA
0%
McMurtry
0%
Nie znaleziono quizów pasujących do podanych kryteriów
Rozkład punktacji
Procent ludzi z każdym wynikiem
Percentyl według liczby udzielonych odpowiedzi
Twoja historia wyników
Nie rozwiązałeś tego quizu